أسماء الله الحسنى الهادية إلى الله والمعرفة به / (رقم التسجيلة. 86217)
[ عرض عادي ]
| 000 -الفاتح | |
|---|---|
| عناصر البيانات ثابتة الطول | 00666cam a2200169 i 4500 |
| 005 - تاريخ ووقت آخر معاملة | |
| حقل ضبط | 20251203134351.0 |
| 008 - عناصر البيانات ثابتة الطول | |
| عناصر البيانات ثابتة الطول | 250721s2004 jo gr 000 0 ara d |
| 082 14 - رقم تصنيف ديوي العشري | |
| رقم التصنيف | 214.2 |
| رقم المادة | أ ش ق |
| 100 1# - مدخل رئيسي – اسم شخصي | |
| الاسم الشخصي | الأشقر، عمر سليمان |
| علاقة الشخص بالعمل/ دوره | مؤلف. |
| 245 10 - بيان العنوان | |
| العنوان | أسماء الله الحسنى الهادية إلى الله والمعرفة به / |
| بيان المسؤولية | أ. د. عمر سليمان عبدالله الأشقر. |
| 264 31 - بيانات النشر، التوزيع…إلخ | |
| مكان النشر، التوزيع...إلخ | عمان : |
| اسم الناشر، الموزع...إلخ | دار النفائس للنشر و التوزيع، |
| تاريخ النشر، التوزيع...إلخ | 2004. |
| 300 ## - الوصف المادي | |
| عدد الوحدات المكونة للوعاء | 359صفحة. |
| 650 17 - مدخل إضافي بالموضوع - مصطلح موضوعي | |
| مصطلح موضوعي أو اسم جغرافي كعنصر مدخل | أصول الدين الإسلامي. |
| 650 17 - مدخل إضافي بالموضوع - مصطلح موضوعي | |
| مصطلح موضوعي أو اسم جغرافي كعنصر مدخل | الأسماء الحسنى. |
| 942 ## - بيانات إضافية (كوها) | |
| نوع التنصيف | Dewey Decimal Classification |
| نوع المادة (كوها) | كتب |
| حالة السحب | حالة الفقدان | مصدر التصنيف | حالة التلف | غير قابل للإعارة | المكتبة الرئيسية | المكتبة الحالية | موقع الرف | تاريخ التزويد | الرقم المتسلسل | Total Checkouts | رقم الإستدعاء | الباركود | تاريخ آخر ظهور | تاريخ الفاتورة | نوع المادة (كوها) |
|---|---|---|---|---|---|---|---|---|---|---|---|---|---|---|---|
| Dewey Decimal Classification | المكتبة المركزية | المكتبة المركزية | الإعارة | 08/09/2016 | 1627092 | 214.2 / أ ش ق | PLD00395362 | 28/07/2025 | 08/09/2016 | كتب | |||||
| Dewey Decimal Classification | مكتبة الجويدة | مكتبة الجويدة | الإعارة | 03/06/2018 | 1679313 | 214.2/أشق | PLD00421701 | 28/07/2025 | 03/06/2018 | كتب | |||||
| Dewey Decimal Classification | مكتبة ومركز فرح | مكتبة ومركز فرح | الإعارة | 06/05/2009 | 1287315 | 214.2/أشق | PLD00086707 | 28/07/2025 | 06/05/2009 | كتب |